000 00655nam a22002297a 4500
003 OSt
005 20140310182953.0
008 130206t xxu||||| |||| 00| 0 eng d
020 _a9719201878
050 _aDS688
_b.Am526
082 _aFIL 959.9048
_bN19 1999
245 _aPhilippine revolution : the making of a nation
_bpapers from the regional conferences
_cPhilippines. National Centennial Commission
260 _aManila
_bThe Commission
_cc1999
300 _a474 p
_c26 cm.
521 _acollege students
526 _c1210L-1700L
541 _j1
541 _j2
541 _j3
562 _e3
942 _2lcc
_cBK
_kFIL
999 _c17939
_d17939